000
00288nam a22001337a 4500
008
170202b xxu||||| |||| 00| 0 eng d
020
_a
9780762103027
041
_a
eng
080
_a
61
100
_a
3
101
_a
SHM
245
_a
LOOKING AFTER YOUR BODY
_c
WAGNER, M
942
_2
udc
_c
BK
999
_c
4274
_d
4274